000
00277nam a2200121Ia 4500
005
20260328101448.0
008
260328s9999||||xx |||||||||||||| ||und||
245
0
_a
Venturi, Rauch & Scott Brown /
260
_b
Rizzoli
300
_a
224 p.
650
_a
ARQUITECTOS
942
_c
BK
999
_c
8523
_d
8523